000 00411ntaaa2200169 4500
003 01
005 20251027201703.0
008 0714s1973 ag 01
040 _aAR-BaBN
_bspa
_cAR-BaBN
_eaacr
_dRIC
082 _a232.9700 M22
100 _aMaclaren, Alexander
_91672
245 _aAfter the resurrection
250 _a1 ed.
260 _aLondon :
_bHodder and Stoughton,
_c1902
300 _a300 p
942 _cBK
999 _c11605
_d11605